000 nam a22 7a 4500
999 _c9051
_d9051
008 180122b ||||| |||| 00| 0 eng d
100 _aNCERT
_95340
245 _aMath magic
260 _aNew delhi
_bNCERT
_c2000